Tafheem-ul-Quran Volume 2 - (Urdu) (Record no. 342419)
[ view plain ]
| 000 -LEADER | |
|---|---|
| fixed length control field | 00762nam a22001937a 4500 |
| 003 - CONTROL NUMBER IDENTIFIER | |
| control field | NUST |
| 005 - DATE AND TIME OF LATEST TRANSACTION | |
| control field | 20171227102524.0 |
| 008 - FIXED-LENGTH DATA ELEMENTS--GENERAL INFORMATION | |
| fixed length control field | 150122b xxu||||| |||| 00| 0 eng d |
| 040 ## - CATALOGING SOURCE | |
| Transcribing agency | 0 |
| 082 ## - DEWEY DECIMAL CLASSIFICATION NUMBER | |
| Classification number | 297.125 MAU |
| 100 ## - MAIN ENTRY--PERSONAL NAME | |
| 9 (RLIN) | 1233 |
| Personal name | Maududi, Abul Ala |
| 245 ## - TITLE STATEMENT | |
| Title | Tafheem-ul-Quran Volume 2 - (Urdu) |
| Statement of responsibility, etc. | Abul Ala Maududi |
| Remainder of title | (Surah Al-Aaraf - Surah Bane-Israel) |
| 260 ## - PUBLICATION, DISTRIBUTION, ETC. | |
| Place of publication, distribution, etc. | Lahore: |
| Name of publisher, distributor, etc. | Tarjaman ul Quran. |
| Date of publication, distribution, etc. | c1999. |
| 300 ## - PHYSICAL DESCRIPTION | |
| Extent | 712p. : |
| Dimensions | 28 cm. |
| 500 ## - GENERAL NOTE | |
| General note | H.B |
| 650 ## - SUBJECT ADDED ENTRY--TOPICAL TERM | |
| General subdivision | Islam |
| -- | History |
| 9 (RLIN) | 6120 |
| 700 ## - ADDED ENTRY--PERSONAL NAME | |
| 9 (RLIN) | 1240 |
| Personal name | Moulana Jan Muhammad Bhutto |
| Numeration | Translator (Sindhi) |
| 942 ## - ADDED ENTRY ELEMENTS (KOHA) | |
| Source of classification or shelving scheme | |
| Koha item type | Book |
| Call number prefix | IESE |
| Withdrawn status | Lost status | Source of classification or shelving scheme | Damaged status | Not for loan | Collection code | Permanent Location | Current Location | Shelving location | Date acquired | Total Checkouts | Full call number | Barcode | Date last seen | Price effective from | Koha item type |
|---|---|---|---|---|---|---|---|---|---|---|---|---|---|---|---|
| Institute of Environmental Science and Engineering (IESE) | Institute of Environmental Science and Engineering (IESE) | General Stacks | 12/27/2017 | 297.125 MAU | IESE-660 | 12/27/2017 | 12/27/2017 | Book |
